Top 10 des clubs les plus dépensier depuis 10 ans - Statistiques

Statistiques générales
  • Ce quiz a été pris 202 fois
  • Le résultat moyen est 8 sur 10
Statistiques - réponses
Dépense Club % Correct
1.82 milliards Paris Saint Germain
100%
1.60 milliards FC Barcelone
96%
1.85 milliards Manchester City
96%
1.94 milliards Manchester United
94%
2.58 milliards Chelsea FC
89%
1.26 milliards Liverpool FC
84%
1.78 milliards Juventus FC
78%
1.44 milliards Arsenal FC
77%
1.28 milliards Atletico Madrid
63%
1.28 milliards Tottenham Hotspur
59%
Aucun quiz correspondant
Distribution des résultats
% des personnes avec chaque résultat
Percentile par nombre de réponses
Votre historique - résultats
Vous n’avez pas pris ce quiz